01932 a2200265 45000010006000000050017000060080041000230030015000640400040000790800078001192450064001970200022002612500012002832640033002953000023003285051071003510410008014221000033014307000021014637000022014847000020015067000023015267000022015498560095015715910120260407155845.0260407a2022 arg spa dAR-UNSa-BCEJYS aAR-UNSa-BCEJYSbspacAR-UNSa-BCEJYS a336.226.1xImpuestos a las ganancias o los beneficios (Impuesto Diferido)10aManual del impuesto a las gananciasptexto ordenado en 2019 a978-987-03-4304-2 a6a. ed. 1aBuenos Aires :bLa Leyc2022 axx, 850 p.c24 cm. a1. Ámbito objetivo de aplicación del impuesto a las ganancias. Nexos de vinculación. Elemento material - 2. Ámbito objetivo de aplicación del impuesto a las ganancias. Fuente territorial. - 3. Ámbito subjetivo de aplicación del impuesto a las ganancias. - 4. Ámbito temporal del hecho imponible en el impuesto a las ganancias. Imputación de las ganancias y gastos o deducciones al período fiscal - 5. Esquema de liquidación de la base imponible (ganancia neta sujeta a impuesto) - 6. Exenciones - 7. Gastos y deducciones-salidas no documentadas - 8. Ganancias brutas y netas de la primera categoría - 9. Ganancias brutas y netas de la segunda categoría - 10. Ganancias brutas y netas de la tercera categoría - 11. Ganancias brutas y netas de la cuarta categoría – 12. Determinación del impuesto. Impuesto progresivo, impuesto cedular. Crédito por impuestos análogos efectivamente pagados en el exterior por ganancias de fuente extranjera – 13. Régimen de beneficiarios del exterior – 14. Ajuste por inflación impositivo  aspa1 aRajmilovich, Darío Marcelo1 aArdiles, Lucía1 aBalverde, Luciana1 aCarbone, Sergio1 aCarreño, Gustavo1 aPalermo, Fabián41uhttps://biblioeco.unsa.edu.ar/pmb/images/libros/L128952.jpgyImagen de portadaqimage/jpeg